000 00456nam a2200181Ia 4500
005 20250508152153.0
008 008 250505s9999 xx 000 0 hin d
037 _aTextual
040 _aFEDL
_beng
_cFEDL
041 _ahin
_2eng
084 _aFH, GUR
_qFEDL
100 _aGurudutt
245 0 _aKala
260 _aNew Delhi, India
_bBharti Sahitya Sadan
_c1956
300 _a375p.
942 _cTEXL
_hFH, GUR
999 _c1334728
_d1334728